| 000 | 00441nam a2200145 4500 | ||
|---|---|---|---|
| 999 |
_c507987 _d507987 |
||
| 008 | 190302b ||||| |||| 00| 0 eng d | ||
| 100 |
_aCombes, Pierre-Philippe et al _92936 |
||
| 245 | _aNeighbor discrimination theory and evidence from the French rental market | ||
| 260 | _c2018 | ||
| 300 | _ap.104-123. | ||
| 650 |
_aNeighbourhood externalities _92937 |
||
| 773 | _aJournal of Urban Economics | ||
| 906 | _aHousing | ||
| 942 |
_2ddc _cAR |
||